Španielska lexikológia

Bibliographic Details
Main Author: Trup, Ladislav, 1943-2011 (Author)
Format: Book
Language:Slovak
PhysicalDescription:231 s. 21 cm
Published: Banská Bystrica Univerzita Mateja Bela 1999
ISBN:808055224X
Subjects:

MARC

LEADER 00000nam a2200000 a 4500
001 vtls001381959
003 SK-MaSNL
005 20260301161409.0
008 240314s1999 xo a r y slo
015 |a SNBA2000/04-01149 
020 |a 808055224X 
035 |a SNK000335994 
035 |a urn:nbn:sk:snk-amk4oz 
035 |a urn:nbn:sk:snk-am005866 
035 |a B2E79934-661C-46FF-A172-B222BD07B9BF 
040 |a SNK  |b slo  |c SNK  |e AACR2 
041 0 |a slo 
044 |a xo  |c SK 
080 |a 806.0-3  |2 1981 
100 1 |a Trup, Ladislav,  |d 1943-2011  |4 aut  |9 198154 
245 1 0 |a Španielska lexikológia  |c Ladislav Trup 
260 |a Banská Bystrica  |b Univerzita Mateja Bela  |c 1999 
300 |a 231 s.  |c 21 cm 
500 |a 350 výt. 
504 |a Bibliogr. s. 225-231 
650 0 7 |a španielčina  |2 SNKPH  |9 1358 
650 0 7 |a lexikológia  |2 SNKPH  |9 866 
655 7 |a príručky  |2 SNKPH  |9 74364 
919 |a 80-8055-224-X 
958 |a TL 
958 |a NB 
999 |c 809294  |d 811224 
952 |t P60, <03>, [BOOK], {603}  |a SNK  |b SNK  |y PREZ  |7 0  |p 17A0226666  |o snkSC 100754  |i snkKSP 1434/2000  |0 0  |1 0  |4 0  |d 2000-02-02  |f 1  |l 0  |r 2025-09-19 00:00:00  |w 2026-02-24 
952 |t P60, <04>, [BOOK], {604}  |a SNK  |b SNK  |y VYP  |7 0  |p 17A0226667  |o snkSC 100754 D1  |i snkKSP 1435/2000  |0 0  |1 0  |4 0  |d 2000-02-02  |l 0  |r 2005-01-02 00:00:00  |w 2026-02-24